000 00405nam a22001697a 4500
005 20190124112414.0
008 160627b xxu||||| |||| 00| 0 eng d
020 _a0-07-099487-0
041 _aeng
082 _b10272
100 _aPLUMMER, DAVID. T.
_92899
245 _aAN INTRODUCTION TO PRACTICAL BIOCHEMISTRY
260 _bTMH
_c2004
300 _a318
650 _aAgriculture
_92837
942 _cBK
999 _c4196
_d4195